| 000 | 00513nam a22001577a 4500 | ||
|---|---|---|---|
| 003 | macl | ||
| 005 | 20190924121124.0 | ||
| 008 | 190924b xxu||||| |||| 00| 0 eng d | ||
| 040 | _cmacl | ||
| 082 | _a891.433/JHA/S | ||
| 100 |
_aगुप्ता ,सं. दिव्या _976779 |
||
| 245 | _aयू् ए. की श्रैष्ठ कथाऍ | ||
| 260 |
_aहरियाणा _bगुप्ता प्रकाशन _c2018 |
||
| 650 |
_aकथाऍ _976780 |
||
| 942 |
_2ddc _cHIN |
||
| 999 |
_c61087 _d61087 |
||